000
00271nam a2200109Ia 4500
008
220216s9999 xx 000 0 und d
100
_a
Mohanachandran Nair S.
245
0
_a
Rubber thadi samskaranavum upabogavum
260
_b
Rubber
_c
2009
300
_a
13-15
942
_c
JS
999
_c
68036
_d
68036